El microtráfico: análisis crítico a la normativa, doctrina y jurisprudencia

Guardat en:
Dades bibliogràfiques
Autor principal: Cisternas Velis, Luciano A (Autor)
Format: Llibre
Idioma:espanyol
Publicat: Santiago Librotecnia 2009
Edició:1a. ed
Matèries:
Etiquetes: Afegir etiqueta
Sense etiquetes, Sigues el primer a etiquetar aquest registre!

MARC

LEADER 00000nam a2200000 a 4500
001 UCG2172
003 CL-VaPUC
008 100617e20091200CL |||||||||||||||||spa|d
020 |a 9789563270129 
082 0 4 |a 345.0277  |b CIS  |2 21 
100 0 |a Cisternas Velis, Luciano A  |e author  |9 550533 
245 1 3 |a El microtráfico: análisis crítico a la normativa, doctrina y jurisprudencia 
250 |a 1a. ed 
300 |a 277 p 
942 |c BK 
945 |d 20100617 00:00:00  |a dcastane 
260 |a Santiago  |b Librotecnia  |c 2009 
650 7 |a DERECHO PENAL  |2 CL-VaPUC  |9 11 
650 0 |a Tráfico de drogas  |9 254839 
583 |a last modification  |c 20100617 00:00:00  |k Rodrigo Vera 
999 |c 341400  |d 341398 
952 |0 0  |1 0  |4 0  |6 345_027700000000000_CIS_2009  |7 0  |8 A  |9 436840  |a BIBDER  |b BIBDER  |d 2019-11-22  |i 4690249  |o 345.0277 CIS 2009  |p 4690249  |r 2019-11-22  |w 2019-11-22  |y BK  |k DER